000 00706nam a2200229Ii 4500
003 JO-AjNU
008 230605s9999||||xx |||||||||||||| ||und||
017 _a2001/4107
020 _a9959-31-007-8
040 _aJO-AjNU
_bara
_erda
_cJO-AjNU
041 _aara
050 1 4 _aJZ1318.B6728.2002
100 3 _a بودبوس ، رجب ,
_eauthor
_936815
245 0 0 _aالعولمة بين الانصار والخصوم
250 _aط1
264 3 1 _aبيروت : الانتشار العربي ، 2002
300 _a153ص
336 _atext
_btxt
_2rdacontent
337 _aunmediated
_bn
_2rdamedia
338 _avolume
_bnc
_2rdacarrier
650 4 _aعلاقات اقتصادية دولية
_936816
999 _aA15329
_c18897
_d18897